Every Amiibo Figure - Statistics

General Stats
  • This quiz has been taken 31 times
  • The average score is 172 of 221
Answer Stats
Series Amiibo % Correct
Super Mario Cat Mario
95%
Super Mario Cat Peach
95%
Super Mario | Super Smash Bros. Daisy
95%
Skylanders SuperChargers Dark Turbo Charge Donkey Kong
95%
Pokémon Detective Pikachu
95%
Super Mario | Super Smash Bros. Donkey Kong
95%
Super Smash Bros. Dr. Mario
95%
Super Smash Bros. Isabelle
95%
Animal Crossing Isabelle - Summer Outfit
95%
Animal Crossing Isabelle - Winter Outfit
95%
Super Smash Bros. Link
95%
The Legend Of Zelda Link - Archer
95%
The Legend Of Zelda Link - Link's Awakening
95%
The Legend Of Zelda Link - Majora's Mask
95%
The Legend Of Zelda Link - Ocarina Of Time
95%
The Legend Of Zelda Link - Rider
95%
The Legend Of Zelda Link - Skyward Sword
95%
The Legend Of Zelda Link - The Legend Of Zelda
95%
The Legend Of Zelda Link - Twilight Princess
95%
Super Mario | Super Smash Bros. Luigi
95%
Super Mario | Super Smash Bros. Mario
95%
Super Mario Bros. 30th Anniversary Mario - Classic Colors
95%
Super Mario Mario - Gold Edition
95%
Super Mario Bros. 30th Anniversary Mario - Modern Colors
95%
Super Mario Mario - Silver Edition
95%
Super Mario Mario - Wedding Outfit
95%
Super Mario | Super Smash Bros. Peach
95%
Super Mario Peach - Wedding Outfit
95%
Super Smash Bros. Pikachu
95%
Animal Crossing Tom Nook
95%
Super Smash Bros. Toon Link
95%
The Legend Of Zelda Toon Link - The Wind Waker
95%
Skylanders SuperChargers Turbo Charge Donkey Kong
95%
Super Smash Bros. Villager
95%
The Legend Of Zelda Wolf Link
95%
Super Smash Bros. Young Link
95%
Super Smash Bros. | The Legend Of Zelda Zelda
95%
The Legend Of Zelda Zelda & Loftwing - Skyward Sword
95%
The Legend Of Zelda Zelda - The Wind Waker
95%
Super Mario | Super Smash Bros. Bowser
91%
Super Mario Bowser - Wedding Outfit
91%
Skylanders SuperChargers Dark Hammer Slam Bowser
91%
Super Mario | Super Smash Bros. Diddy Kong
91%
Super Mario Goomba
91%
Yoshi's Woolly World Green Yarn Yoshi
91%
Skylanders SuperChargers Hammer Slam Bowser
91%
Super Smash Bros. Inkling
91%
Splatoon Inkling Boy
91%
Splatoon Inkling Boy (Neon Green)
91%
Splatoon Inkling Boy (Purple)
91%
Splatoon Inkling Girl
91%
Splatoon Inkling Girl (Lime Green)
91%
Splatoon Inkling Girl (Neon Pink)
91%
Splatoon Inkling Squid
91%
Splatoon Inkling Squid (Neon Purple)
91%
Splatoon Inkling Squid (Orange)
91%
Splatoon Inkling (Yellow)
91%
Kirby | Super Smash Bros. Kirby
91%
Super Mario Koopa Troopa
91%
Yoshi's Woolly World Light-Blue Yarn Yoshi
91%
Mega Man | Super Smash Bros. Mega Man
91%
Super Smash Bros. Mega Man - Gold Edition
91%
Yoshi's Woolly World Mega Yarn Yoshi
91%
Yoshi's Woolly World Pink Yarn Yoshi
91%
Super Smash Bros. Pokémon Trainer
91%
Metroid | Super Smash Bros. Samus
91%
Metroid Samus Aran
91%
Super Smash Bros. Wii Fit Trainer
91%
Super Mario | Super Smash Bros. Yoshi
91%
Super Smash Bros. Zero Suit Samus
91%
Super Smash Bros. Bowser Jr.
86%
Super Smash Bros. Ganondorf
86%
Super Smash Bros. Incineroar
86%
Super Smash Bros. Ken
86%
Kirby | Super Smash Bros. King Dedede
86%
Super Smash Bros. King K. Rool
86%
Super Smash Bros. Lucario
86%
Super Smash Bros. Lucina
86%
Super Smash Bros. Marth
86%
Kirby | Super Smash Bros. Meta Knight
86%
Super Smash Bros. Mr. Game & Watch
86%
Super Smash Bros. Piranha Plant
86%
Super Smash Bros. Ridley
86%
Super Smash Bros. R.O.B. (Famicom)
86%
Super Smash Bros. R.O.B. (NES)
86%
Super Mario | Super Smash Bros. Rosalina
86%
Super Smash Bros. Shulk
86%
Super Smash Bros. Charizard
82%
Super Smash Bros. Dark Pit
82%
Super Smash Bros. Dark Samus
82%
Super Smash Bros. Falco
82%
Super Smash Bros. Fox
82%
Super Smash Bros. Greninja
82%
Super Smash Bros. Hero
82%
Super Smash Bros. Ivysaur
82%
Super Smash Bros. Jigglypuff
82%
Super Smash Bros. Joker
82%
Super Smash Bros. Mewtwo
82%
Super Smash Bros. Min Min
82%
Super Smash Bros. Ness
82%
Super Smash Bros. Olimar
82%
Super Smash Bros. Pac-Man
82%
Super Smash Bros. Pit
82%
Super Smash Bros. Robin
82%
Super Smash Bros. Ryu
82%
Super Smash Bros. Sonic
82%
Super Smash Bros. Squirtle
82%
Super Smash Bros. Steve
82%
Super Mario Waluigi
82%
Super Mario | Super Smash Bros. Wario
82%
Super Smash Bros. Wolf
82%
Super Smash Bros. Alex
77%
Super Smash Bros. Banjo & Kazooie
77%
Super Mario Boo
77%
Super Smash Bros. Captain Falcon
77%
Chibi-Robo! Chibi-Robo
77%
Super Smash Bros. Ice Climbers
77%
Super Smash Bros. Kazuya
77%
Super Smash Bros. Lucas
77%
Metroid Metroid
77%
Monster Hunter Stories One-Eyed Rathalos And Rider - Boy
77%
Super Smash Bros. Palutena
77%
Super Smash Bros. Pichu
77%
Pikmin Pikmin
77%
Super Smash Bros. Pyra
77%
Super Smash Bros. Roy
77%
Super Smash Bros. Sephiroth
77%
Shovel Knight Shovel Knight
77%
Shovel Knight Shovel Knight - Gold Edition
77%
Super Smash Bros. Snake
77%
Animal Crossing Timmy & Tommy
77%
Super Mario Toad
77%
Fire Emblem | Super Smash Bros. Chrom
73%
Super Smash Bros. Cloud
73%
Super Smash Bros. Cloud - Player 2
73%
Super Smash Bros. Corrin
73%
Super Smash Bros. Corrin - Player 2
73%
The Legend Of Zelda Daruk - Goron Champion
73%
Super Smash Bros. Duck Hunt
73%
Super Smash Bros. Ike
73%
Shovel Knight King Knight
73%
Animal Crossing K.K.
73%
Super Smash Bros. Mii Brawler
73%
Super Smash Bros. Mii Gunner
73%
Super Smash Bros. Mii Swordfighter
73%
The Legend Of Zelda Mipha - Zora Champion
73%
The Legend Of Zelda Revali - Rito Champion
73%
Super Smash Bros. Richter
73%
Super Smash Bros. Simon
73%
Shovel Knight Specter Knight
73%
Super Smash Bros. Terry
73%
The Legend Of Zelda Urbosa - Gerudo Champion
73%
Kirby Waddle Dee
73%
Super Smash Bros. Bayonetta
68%
Super Smash Bros. Bayonetta - Player 2
68%
The Legend Of Zelda Bokoblin
68%
Super Smash Bros. Byleth
68%
Super Smash Bros. Little Mac
68%
Animal Crossing Mabel
68%
Super Smash Bros. Mythra
68%
Splatoon Octoling (Blue)
68%
Splatoon Octoling Boy
68%
Splatoon Octoling Girl
68%
Splatoon Octoling Octopus
68%
Yoshi's Woolly World Poochy
68%
Super Smash Bros. Sheik
68%
Animal Crossing Blathers
64%
The Legend Of Zelda Guardian
64%
Monster Hunter Stories One-Eyed Rathalos And Rider - Girl
64%
Shovel Knight Plague Knight
64%
Splatoon Callie
59%
Animal Crossing Celeste
59%
Animal Crossing Cyrus
59%
Animal Crossing Kicks
59%
Splatoon Marie
59%
Splatoon Marina
59%
Animal Crossing Reese
59%
Animal Crossing Digby
55%
Metroid E.M.M.I.
55%
Animal Crossing Lottie
55%
Splatoon Pearl
55%
Animal Crossing Resetti
55%
Diablo Loot Goblin
50%
BOXBOY! Qbby
50%
Monster Hunter Stories Razewing Ratha
50%
Animal Crossing Kapp'n
45%
Fire Emblem Tiki
45%
Animal Crossing Rover
41%
Dark Souls Solaire Of Astora
41%
Fire Emblem Alm
36%
Fire Emblem Celica
36%
Splatoon Smallfry
36%
Monster Hunter Rise "Canyne Malzeno" Palamute
32%
Monster Hunter Rise "Felyne Malzeno" Palico
32%
Monster Hunter Rise Palamute
32%
Monster Hunter Rise Palico
32%
Monster Hunter Stories Qurupeco And Dan
32%
Monster Hunter Rise Magnamalo
27%
Monster Hunter Stories Barioth And Ayuria
23%
Monster Hunter Stories Rathian And Cheval
23%
Monster Hunter Stories Ena
18%
Monster Hunter Rise Malzeno
18%
Monster Hunter Stories Navirou
18%
Monster Hunter Stories Tsukino
18%
No matching quizzes found
Score Distribution
Percent of People with Each Score
Percentile by Number Answered
Your Score History
You have not taken this quiz